| 000 | 00493nam a22001577a 4500 | ||
|---|---|---|---|
| 003 | OSt | ||
| 005 | 20151001105401.0 | ||
| 008 | 151001b xxu||||| |||| 00| 0 eng d | ||
| 040 | _cRUA | ||
| 082 | _aAVM ហែម 1993 B067 Or.1 | ||
| 100 |
_91666 _aហែម ម៉ាឡាប |
||
| 245 | _aការផ្ដាច់ដោះកូនជ្រូកក្នុងរយះពេលខ្លី, | ||
| 260 |
_aphnom penh _bRUA _c1993 |
||
| 300 |
_a55p. _bill. _c29cm. |
||
| 942 |
_2ddc _cAVM |
||
| 999 |
_c1571 _d1571 |
||